Statistiques concernant Villes allemandes avec des systèmes de tramway

Cliquez ici pour prendre le quiz!

Statistiques générales

  • Ce quiz a été pris 69 fois
  • Le résultat moyen est 20 sur 57

Statistiques - réponses

Ville% Correct
Berlin
98%
Munich
93%
StadtbahnCologne
87%
StadtbahnFrancfort-sur-le-Main
84%
Francfort-sur-l'Oder
84%
StadtbahnDüsseldorf
79%
StadtbahnDortmund
75%
Leipzig
74%
Nuremberg
74%
Brême
70%
StadtbahnStuttgart
70%
Dresde
67%
StadtbahnHanovre
67%
StadtbahnEssen
57%
StadtbahnBonn
56%
Fribourg-en-Brisgau
54%
Mayence
52%
Augsbourg
51%
Mannheim
51%
StadtbahnDuisbourg
49%
Potsdam
49%
StadtbahnSarrebruck
44%
StadtbahnKarlsruhe
43%
Rostock
36%
StadtbahnBielefeld
34%
StadtbahnGelsenkirchen
33%
Ulm
33%
Magdebourg
31%
StadtbahnBochum
30%
Cassel
28%
Heidelberg
25%
Erfurt
23%
Halle-sur-Saale
20%
Chemnitz
16%
Iéna
16%
Darmstadt
15%
Ludwigshafen
15%
Zwickau
13%
Brandenburg an der Havel
11%
Krefeld
11%
Wurtzbourg
11%
Cottbus
10%
Schwerin
10%
Mülheim
8%
Braunschweig
7%
Gera
7%
Görlitz
3%
Gotha
3%
Herne
3%
Witten
3%
Halberstadt
2%
Hattingen
2%
Naumburg
2%
Nordhouse
2%
Plauen
2%
Waltershausen
2%
Bad Schandau
0%

Distribution des résultats

Percentile par nombre de réponses

% des personnes avec chaque résultat

Votre développement - résultats

Vous n’avez pas pris ce quiz